000 00228 a2200097 4500
001 30443
100 _aFlesch, Rudolf
245 _aThe Art of Plain Talk
260 _aLondon
_bHarper and Row Publisher
_c
090 _c20387
_d20387
942 _aNUST-CAE
_cM
_c11544
999 _c265516
_d265516